| 000 | 00543nam a22002055a 4500 | ||
|---|---|---|---|
| 001 | 13299 | ||
| 005 | 20171214073128.0 | ||
| 008 | 850102|1983 ||| 000 0 eng | ||
| 010 | _a 85100312 | ||
| 020 | _a0224018574 | ||
| 040 |
_aDLC _cDLC _dDLC |
||
| 041 | _aeng | ||
| 080 | _a316 | ||
| 082 | _a316 | ||
| 100 | 1 | _a50 | |
| 101 | _aSOC | ||
| 245 | 1 | 2 |
_aA mouseʾs tale / _cWayne Anderson ; told by Naomi Lewis from a story by Wayne Anderson and Leonard Price. |
| 906 |
_a0 _bibc _corignew _d3 _encip _f19 _gy-gencatlg |
||
| 942 |
_2ddc _cBK |
||
| 999 |
_c38936 _d38936 |
||